|
|
|
|
| LEADER |
00000nam2a2200000 4500 |
| 001 |
88295 |
| 005 |
20231101213607.0 |
| 035 |
|
|
|a (RuTPU)RU\TPU\book\94775
|
| 090 |
|
|
|a 88295
|
| 100 |
|
|
|a 20051222d1967 m y0rusy50 ca
|
| 101 |
0 |
|
|a rus
|
| 102 |
|
|
|a RU
|
| 105 |
|
|
|a a z 001zb
|
| 200 |
1 |
|
|a XVII-XVIII века
|f под ред. А. А. Губера, В. Н. Гращенкова
|
| 210 |
|
|
|d 1967
|
| 215 |
|
|
|a 632 с.
|c ил.
|
| 320 |
|
|
|a Указатель имен: с. 484-491
|
| 461 |
|
1 |
|0 (RuTPU)RU\TPU\book\96146
|t Мастера искусства об искусстве. Избранные отрывки из писем, дневников, речей и трактатов
|o в 7 т.
|f под ред. А. А. Губера
|v Т. 3
|d 1967-
|
| 600 |
|
1 |
|a Рембрандт
|b Х. Р.
|c голландский живописец
|f 1606-1669
|g Харменс ван Рейн
|2 stltpush
|3 (RuTPU)RU\TPU\pers\10065
|9 2157
|
| 600 |
|
1 |
|a Рубенс
|g Питер Пауэл
|b П. П.
|c фламандский живописец
|f 1577-1640
|2 stltpui
|3 (RuTPU)RU\TPU\pers\890
|
| 610 |
1 |
|
|a изобразительное искусство
|
| 610 |
1 |
|
|a Западноевропейское искусство
|
| 610 |
1 |
|
|a 17 век
|
| 610 |
1 |
|
|a 18 век
|
| 675 |
|
|
|a 73/76(09)
|v 3
|
| 702 |
|
1 |
|a Губер
|b А. А.
|g Андрей Александрович
|4 340
|
| 702 |
|
1 |
|a Гращенков
|b В. Н.
|4 340
|
| 801 |
|
1 |
|a RU
|b 63413507
|c 20051222
|g PSBO
|
| 801 |
|
2 |
|a RU
|b 63413507
|c 20060125
|g PSBO
|
| 942 |
|
|
|c BK
|